| 000 | 00889nam a22002057a 4500 | ||
|---|---|---|---|
| 999 |
_c57852 _d57852 |
||
| 003 | Ge_BSU | ||
| 005 | 20210318122534.0 | ||
| 008 | 210317s2020 ge ||||| |||| 00| 0 geo d | ||
| 020 | _a9789941827815 | ||
| 041 | _ageo | ||
| 080 | _a821.353.1-09 ზ-78 | ||
| 100 |
_aზოიძე, აკაკი _92060 |
||
| 245 |
_aსიკეთით გალამაზებული სიცოცხლე / _cაკაკი ზოიძე; რედაქტორი ავთანდილ დიასამიძე. |
||
| 264 |
_aბათუმი, _c2020. |
||
| 300 |
_a336 გვ.: _b1 ფ. პორტრეტი, _c22 სმ. |
||
| 504 | _aბიბლიოგრ. გვ. 362 | ||
| 600 |
_aხიმშიაშვილი გურამ _910523 |
||
| 700 |
_aდიასამიძე, ავთანდილ _eრედაქტორი _96360 |
||
| 942 |
_2udc _cBK |
||